Pays du Top 5 ATP - Statistiques

Statistiques générales
  • Ce quiz a été pris 226 fois
  • Le résultat moyen est 20 sur 27
Statistiques - réponses
Meilleur Classement Nombre de membres du Top 5 Pays % Correct
1 8 Espagne
100%
3 6 France
99%
1 19 Etats-Unis
98%
1 2 Suisse
95%
1 1 Serbie
94%
1 3 Royaume-Uni
93%
1 5 Russie
93%
1 6 Allemagne
91%
4 1 Italie
91%
1 5 Australie
90%
1 7 Suède
88%
2 6 Argentine
87%
1 1 Bresil
85%
3 1 Canada
85%
4 1 Japon
82%
3 1 Grèce
70%
1 1 Autriche
69%
2 3 Croatie
68%
3 2 Pays-Bas
68%
1 2 Chili
65%
3 1 Bulgarie
60%
4 1 Mexique
60%
1 1 Roumanie
59%
4 1 Ukraine
59%
5 1 Afrique du Sud
48%
1 6 Tchecoslovaquie
31%
4 1 Equateur
19%
Aucun quiz correspondant
Distribution des résultats
% des personnes avec chaque résultat
Percentile par nombre de réponses
Votre historique - résultats
Vous n’avez pas pris ce quiz